000 00295nam a2200109Ia 4500
008 190216s9999||||xx |||||||||||||| ||und||
100 _aMichael Lipton
245 0 _aWhy Poor People Stay Poor A Study Of Urban Bias In World Development
260 _bHeritage Pubs
650 _aEnglish
942 _cBK
999 _c9564
_d9564